[Event "Guernsey Open 14th"]
[Site "Guernsey"]
[Date "1988.10.21"]
[Round "6"]
[White "Werbeck, Torsten"]
[Black "Kuijf, Marinus"]
[Result "0-1"]
[WhiteElo "2200"]
[BlackElo "2450"]
[PlyCount "76"]
[EventDate "1988.10.16"]
[EventType "swiss"]
[EventRounds "7"]
[EventCountry "GCI"]
[SourceTitle "BritBase"]
[Source "John Saunders"]
[SourceDate "2025.07.03"]
[SourceVersion "1"]
[SourceVersionDate "2025.07.03"]
[SourceQuality "1"]

1. d4 d5 2. Nf3 Nf6 3. c4 c6 4. Nc3 e6 5. Bg5 dxc4 6. e4 b5 7. e5 h6 8. Bh4 g5 9. Nxg5 hxg5 10. Bxg5 Nbd7 11. exf6 Bb7 12. g3 c5 13. d5 Qb6 14. Bg2 O-O-O 15. O-O b4 16. Na4 Qb5 17. a3 Nb8 18. axb4 cxb4 19. Be3 Bxd5 20. Qe2 Nc6 21. Rfc1 Bxg2 22. Kxg2 Ne5 23. h4 Bd6 24. f4 Qd5+ 25. Kh3 Nd3 26. Rxc4+ Bc7 27. Rd4 Rxh4+ 28. gxh4 Qxd4 29. Bxd4 Nxf4+ 30. Kg4 Nxe2 31. Bxa7 Be5 32. Nb6+ Kb7 33. Nc4 Bxf6 34. Bc5 Kc6 35. Be3 Kb5 36. Rf1 Rg8+ 37. Kh3 Kxc4 38. Rxf6 Rg3+ 0-1

[Event "Guernsey Open 14th"]
[Site "Guernsey"]
[Date "1988.10.22"]
[Round "7"]
[White "Bartels, Hans A"]
[Black "Verkooyen, Kees"]
[Result "1-0"]
[WhiteElo "2345"]
[BlackElo "1950"]
[PlyCount "133"]
[EventDate "1988.10.16"]
[EventType "swiss"]
[EventRounds "7"]
[EventCountry "GCI"]
[SourceTitle "BritBase"]
[Source "John Saunders"]
[SourceDate "2025.07.03"]
[SourceVersion "1"]
[SourceVersionDate "2025.07.03"]
[SourceQuality "1"]

1. d4 d5 2. c4 e6 3. Nf3 c5 4. cxd5 exd5 5. g3 Nc6 6. Bg2 Nf6 7. O-O Be7 8. b3 O-O 9. Bb2 Ne4 10. dxc5 Nxc5 11. Na3 Re8 12. Nb5 Ne4 13. Rc1 Bf6 14. Bxf6 Nxf6 15. Nfd4 Nxd4 16. Nxd4 Bg4 17. Qd2 Qd7 18. Rfe1 Rac8 19. Rxc8 Rxc8 20. Rc1 Ne4 21. Qb2 Bh3 22. Rxc8+ Qxc8 23. Bxh3 Qxh3 24. Qc1 Qd7 25. f3 Nf6 26. Qf4 Qd8 27. Qe5 g6 28. Kf2 Kg7 29. g4 Qe8 30. Qg5 Qd8 31. h4 a6 32. Kg2 Kf8 33. Qh6+ Ke7 34. Qe3+ Kd7 35. a3 Qe7 36. Qc1 Qe5 37. Qd2 Ne8 38. e3 Nd6 39. a4 f5 40. g5 Qe7 41. Ne2 Qe5 42. Nc3 Kc6 43. Qd3 b5 44. a5 Nb7 45. b4 Nd6 46. f4 Qe6 47. Qd4 Nc4 48. Qc5+ Kd7 49. Nxd5 Qc6 50. Qe7+ Kc8 51. Qf8+ Kd7 52. Qe7+ Kc8 53. e4 fxe4 54. Qc5 Qxc5 55. bxc5 Nxa5 56. f5 Kd8 57. f6 Ke8 58. Nb4 Nc4 59. Nxa6 Ne3+ 60. Kf2 Nf5 61. Nc7+ Kf7 62. Nxb5 Nxh4 63. Nd6+ Ke6 64. f7 Ke7 65. c6 e3+ 66. Kxe3 Nf5+ 67. Nxf5+ 1-0

[Event "Guernsey Open 14th"]
[Site "Guernsey"]
[Date "1988.10.22"]
[Round "7"]
[White "Becx, Cesar"]
[Black "Ruston, Mark R"]
[Result "1-0"]
[WhiteElo "2295"]
[BlackElo "1960"]
[PlyCount "72"]
[EventDate "1988.10.16"]
[EventType "swiss"]
[EventRounds "7"]
[EventCountry "GCI"]
[SourceTitle "BritBase"]
[Source "John Saunders"]
[SourceDate "2025.07.03"]
[SourceVersion "1"]
[SourceVersionDate "2025.07.03"]
[SourceQuality "1"]

1. f4 g6 2. Nf3 Bg7 3. g3 c5 4. Bg2 d5 5. O-O Nc6 6. d3 Nf6 7. Nc3 e6 8. e4 O-O 9. h3 Ne8 10. g4 Nc7 11. Bd2 b5 12. Rb1 Rb8 13. Ne2 b4 14. Be3 d4 15. Bf2 Nb5 16. Bg3 Rb6 17. Nd2 Ne7 18. Nc1 Ra6 19. Nc4 f5 20. Bh4 Qc7 21. Qe1 Bf6 22. Bxf6 Rxf6 23. Ne5 Bb7 24. Nb3 Rxa2 25. Nxc5 Qxc5 26. Nd7 Qxc2 27. Nxf6+ Kg7 28. Qxb4 Kxf6 29. Qxb5 Bc6 30. e5+ Kf7 31. Bxc6 Qxc6 32. Qxc6 Nxc6 33. Rfc1 Nb4 34. Rc7+ Kf8 35. Rbc1 Nd5 36. Rxh7 Kg8 1-0

[Event "Guernsey Open 14th"]
[Site "Guernsey"]
[Date "1988.10.22"]
[Round "7"]
[White "Cullip, Stephen J"]
[Black "Lindner, Jan Joost"]
[Result "1/2-1/2"]
[WhiteElo "2088"]
[BlackElo "2267"]
[PlyCount "51"]
[EventDate "1988.10.16"]
[EventType "swiss"]
[EventRounds "7"]
[EventCountry "GCI"]
[SourceTitle "BritBase"]
[Source "John Saunders"]
[SourceDate "2025.07.03"]
[SourceVersion "1"]
[SourceVersionDate "2025.07.03"]
[SourceQuality "1"]

1. e4 e6 2. d4 d5 3. Nd2 Nf6 4. e5 Nfd7 5. c3 c5 6. f4 b6 7. Bd3 Ba6 8. Bb1 cxd4 9. cxd4 Nc6 10. Ndf3 g6 11. Ne2 Be7 12. O-O Qc7 13. Rf2 O-O-O 14. Nc3 Kb7 15. Bd2 Ndb8 16. a4 Nb4 17. Nb5 Qd7 18. Bxb4 Bxb4 19. Bd3 Rc8 20. Rc2 Rxc2 21. Qxc2 Rc8 22. Qe2 Ka8 23. Nd2 Nc6 24. Nb3 Na5 25. Nxa5 bxa5 26. Nc7+ 1/2-1/2

[Event "Guernsey Open 14th"]
[Site "Guernsey"]
[Date "1988.10.22"]
[Round "7"]
[White "Daamen, Ferry"]
[Black "Van Noort, P"]
[Result "1-0"]
[WhiteElo "1850"]
[BlackElo "1691"]
[PlyCount "109"]
[EventDate "1988.10.16"]
[EventType "swiss"]
[EventRounds "7"]
[EventCountry "GCI"]
[SourceTitle "BritBase"]
[Source "John Saunders"]
[SourceDate "2025.07.03"]
[SourceVersion "1"]
[SourceVersionDate "2025.07.03"]
[SourceQuality "1"]

1. e4 c5 2. Nf3 d6 3. d4 cxd4 4. Nxd4 Nf6 5. Nc3 g6 6. Be3 Bg7 7. f3 O-O 8. Qd2 Nc6 9. Bc4 Bd7 10. O-O-O Nxd4 11. Bxd4 Qa5 12. Kb1 Rfc8 13. Bb3 Be6 14. Rhe1 Bxb3 15. axb3 Qa6 16. Bxf6 Bxf6 17. Nd5 Qc6 18. Nxf6+ exf6 19. Re3 Rd8 20. Rc3 Qb5 21. Rd3 Rac8 22. Rxd6 Rxd6 23. Qxd6 Qe2 24. Qd2 Qb5 25. Qd3 Qe5 26. Qd6 Qb5 27. Qxf6 Qe2 28. Rd8+ Rxd8 29. Qxd8+ Kg7 30. Qd4+ Kg8 31. Qxa7 Qd1+ 32. Ka2 Qxc2 33. Qxb7 Qxg2 34. Qb8+ Kg7 35. Qf4 Qe2 36. Qe5+ Kg8 37. b4 Qxf3 38. b5 Qe3 39. Qd5 Qb6 40. Kb3 Qe3+ 41. Kb4 Qe1+ 42. Ka3 Qe3+ 43. b3 Qc1+ 44. Kb4 Qe1+ 45. Kc5 Qc3+ 46. Kd6 Qc8 47. b6 Qd8+ 48. Kc6 Qe8+ 49. Kc7 Qe7+ 50. Kc8 Kg7 51. b7 Qe8+ 52. Kc7 Qe7+ 53. Kc6 Qe8+ 54. Kb6 Qb8 55. e5 {Source: ResearchDb (Canada). Contributed by Paul Brown, 9 August 2025.} 1-0

[Event "Guernsey Open 14th"]
[Site "Guernsey"]
[Date "1988.10.22"]
[Round "7"]
[White "Davies, Peter L"]
[Black "Happel, Hendrik A"]
[Result "0-1"]
[WhiteElo "1795"]
[BlackElo "2310"]
[PlyCount "102"]
[EventDate "1988.10.16"]
[EventType "swiss"]
[EventRounds "7"]
[EventCountry "GCI"]
[SourceTitle "BritBase"]
[Source "John Saunders"]
[SourceDate "2025.07.03"]
[SourceVersion "1"]
[SourceVersionDate "2025.07.03"]
[SourceQuality "1"]

1. e4 e6 2. d4 d5 3. Nc3 Nf6 4. Bg5 Bb4 5. e5 h6 6. Bd2 Bxc3 7. bxc3 Ne4 8. Qg4 g6 9. h4 c5 10. Bd3 Nxd2 11. Kxd2 Nc6 12. Nf3 Qa5 13. Rhe1 b6 14. Qf4 cxd4 15. Nxd4 Nxd4 16. Qxd4 Ba6 17. Rab1 Bxd3 18. Qxd3 Rc8 19. Qb5+ Qxb5 20. Rxb5 Kd7 21. Re3 Rc4 22. Rb4 Rhc8 23. a3 R8c6 24. g3 Ke7 25. Rd3 R4c5 26. Rf4 Kf8 27. Rdf3 Rc7 28. g4 Ra5 29. a4 g5 30. hxg5 hxg5 31. Rf6 Kg7 32. Rh3 Rxa4 33. f3 d4 34. Rfh6 dxc3+ 35. Kd3 Ra5 36. Ke4 Rc4+ 37. Kd3 Rf4 38. Rh7+ Kf8 39. Rh8+ Ke7 40. Ra8 Rxe5 41. Rxa7+ Kf6 42. Rh6+ Kg7 43. Rh3 Rc5 44. Rb7 b5 45. Ke3 b4 46. Rh1 Re5+ 47. Kf2 Rd4 48. Rc1 Rd2+ 49. Kg1 Ree2 50. Rxb4 Rg2+ 51. Kh1 Rgf2 0-1

[Event "Guernsey Open 14th"]
[Site "Guernsey"]
[Date "1988.10.22"]
[Round "7"]
[White "Hanreck, Alan E"]
[Black "Ballon, Guenther Jan"]
[Result "1/2-1/2"]
[WhiteElo "2256"]
[BlackElo "2330"]
[PlyCount "33"]
[EventDate "1988.10.16"]
[EventType "swiss"]
[EventRounds "7"]
[EventCountry "GCI"]
[SourceTitle "BritBase"]
[Source "John Saunders"]
[SourceDate "2025.07.03"]
[SourceVersion "1"]
[SourceVersionDate "2025.07.03"]
[SourceQuality "1"]

1. Nf3 d5 2. d4 c6 3. Bf4 Bf5 4. e3 Nd7 5. Bd3 Bxd3 6. Qxd3 Ngf6 7. Nbd2 e6 8. O-O Be7 9. h3 O-O 10. c4 c5 11. Bg3 cxd4 12. Qxd4 Qb6 13. cxd5 Nxd5 14. Nc4 Qxd4 15. Nxd4 Nc5 16. Rfd1 Rfd8 17. Nb5 1/2-1/2

[Event "Guernsey Open 14th"]
[Site "Guernsey"]
[Date "1988.10.22"]
[Round "7"]
[White "Jacobs, Byron A"]
[Black "Martin, Andrew D"]
[Result "0-1"]
[WhiteElo "2320"]
[BlackElo "2430"]
[PlyCount "102"]
[EventDate "1988.10.16"]
[EventType "swiss"]
[EventRounds "7"]
[EventCountry "GCI"]
[SourceTitle "BritBase"]
[Source "John Saunders"]
[SourceDate "2025.07.03"]
[SourceVersion "1"]
[SourceVersionDate "2025.07.03"]
[SourceQuality "1"]

1. e4 c5 2. Nc3 Nc6 3. Nge2 e6 4. d4 cxd4 5. Nxd4 a6 6. f4 d6 7. Be2 Nf6 8. Be3 Be7 9. O-O O-O 10. Kh1 Bd7 11. Qe1 b5 12. a3 Qb8 13. Qg3 b4 14. axb4 Qxb4 15. Nb3 Nxe4 16. Nxe4 Qxe4 17. Bd3 Qb4 18. Rxa6 Rxa6 19. Bxa6 Bf6 20. Bc1 Ne7 21. Bd3 Rc8 22. Bd2 Qb7 23. Rb1 d5 24. Be3 Bb5 25. Bd4 Bxd3 26. Qxd3 Nf5 27. Bxf6 gxf6 28. Na5 Qb4 29. Nb3 Qxf4 30. Rf1 Qc4 31. Qxc4 dxc4 32. Nd2 c3 33. bxc3 Rxc3 34. Ne4 Rxc2 35. Nxf6+ Kg7 36. Ne4 h5 37. g3 Ne3 38. Re1 Ng4 39. h4 e5 40. Kg1 f5 41. Ng5 e4 42. Rf1 Ne3 43. Ra1 Rg2+ 44. Kh1 Rxg3 45. Ne6+ Kf6 46. Nf4 Ke5 47. Nxh5 Rh3+ 48. Kg1 Rxh4 49. Ra5+ Nd5 50. Ng3 Rf4 51. Kg2 Rf3 0-1

[Event "Guernsey Open 14th"]
[Site "Guernsey"]
[Date "1988.10.22"]
[Round "7"]
[White "Le Blancq, Simon Charles"]
[Black "Kinsman, Andrew PH"]
[Result "0-1"]
[WhiteElo "2280"]
[BlackElo "2340"]
[PlyCount "82"]
[EventDate "1988.10.16"]
[EventType "swiss"]
[EventRounds "7"]
[EventCountry "GCI"]
[SourceTitle "BritBase"]
[Source "John Saunders"]
[SourceDate "2025.07.03"]
[SourceVersion "1"]
[SourceVersionDate "2025.07.03"]
[SourceQuality "1"]

1. e4 e6 2. d4 d5 3. Nc3 Bb4 4. a3 Bxc3+ 5. bxc3 dxe4 6. Qg4 Nf6 7. Qxg7 Rg8 8. Qh6 Rg6 9. Qd2 b6 10. Nh3 Bb7 11. Nf4 Rg8 12. Bb2 Nbd7 13. c4 Qe7 14. O-O-O O-O-O 15. Be2 Ng4 16. Bxg4 Rxg4 17. h3 Rgg8 18. Kb1 Qh4 19. Qe3 Nf6 20. g3 Qg5 21. Rhe1 h5 22. Ng2 Ba6 23. Qc3 Qf5 24. Nf4 h4 25. d5 Nd7 26. dxe6 fxe6 27. Qe3 Nc5 28. g4 Qg5 29. Rxd8+ Rxd8 30. Nh5 Qg6 31. Bf6 Rf8 32. Qd4 e5 33. Qxe5 Bxc4 34. Rd1 Qf7 35. Qd4 Be6 36. Bxh4 Qf3 37. Be7 Re8 38. Nf6 Rxe7 39. Qd8+ Kb7 40. g5 Qxa3 41. Qxe7 Ba2+ 0-1

[Event "Guernsey Open 14th"]
[Site "Guernsey"]
[Date "1988.10.22"]
[Round "7"]
[White "Monte, Peter J"]
[Black "Phillips, Michael A"]
[Result "1-0"]
[WhiteElo "1950"]
[BlackElo "1864"]
[PlyCount "40"]
[EventDate "1988.10.16"]
[EventType "swiss"]
[EventRounds "7"]
[EventCountry "GCI"]
[SourceTitle "BritBase"]
[Source "John Saunders"]
[SourceDate "2025.07.03"]
[SourceVersion "1"]
[SourceVersionDate "2025.07.03"]
[SourceQuality "1"]

1. f4 d5 2. Nf3 Nf6 3. e3 Nc6 4. Bb5 Bd7 5. O-O e6 6. d3 Bc5 7. Kh1 O-O 8. Qe2 a6 9. Bxc6 Bxc6 10. Ne5 Qd6 11. Nd2 Nd7 12. Nxc6 Qxc6 13. Nf3 f6 14. e4 dxe4 15. dxe4 Bb6 16. b3 Nc5 17. Ba3 Qxe4 18. Qxe4 Nxe4 19. Bxf8 Nf2+ 20. Rxf2 Bxf2 1-0

[Event "Guernsey Open 14th"]
[Site "Guernsey"]
[Date "1988.10.22"]
[Round "7"]
[White "Thurlow, Kevin J"]
[Black "Palmer, Eric L"]
[Result "1-0"]
[WhiteElo "2048"]
[BlackElo "1860"]
[PlyCount "45"]
[EventDate "1988.10.16"]
[EventType "swiss"]
[EventRounds "7"]
[EventCountry "GCI"]
[SourceTitle "BritBase"]
[Source "John Saunders"]
[SourceDate "2025.07.03"]
[SourceVersion "1"]
[SourceVersionDate "2025.07.03"]
[SourceQuality "1"]

1. c4 Nf6 2. Nc3 c5 3. Nf3 Nc6 4. d4 cxd4 5. Nxd4 e6 6. Bg5 Be7 7. g3 O-O 8. Bg2 Rb8 9. O-O h6 10. Bf4 Ra8 11. Rc1 Bc5 12. Nb3 Be7 13. c5 a6 14. Na4 g5 15. Bd6 Bxd6 16. cxd6 Rb8 17. Qd2 b5 18. Nac5 Rb6 19. Rfd1 Nh7 20. Qe3 f5 21. Nxe6 dxe6 22. Bxc6 Rf6 23. d7 {Source: Kevin J Thurlow} 1-0

[Event "Guernsey Open 14th"]
[Site "Guernsey"]
[Date "1988.10.22"]
[Round "7"]
[White "Wells, Peter K"]
[Black "Kuijf, Marinus"]
[Result "0-1"]
[WhiteElo "2410"]
[BlackElo "2450"]
[PlyCount "124"]
[EventDate "1988.10.16"]
[EventType "swiss"]
[EventRounds "7"]
[EventCountry "GCI"]
[SourceTitle "BritBase"]
[Source "John Saunders"]
[SourceDate "2025.07.03"]
[SourceVersion "1"]
[SourceVersionDate "2025.07.03"]
[SourceQuality "1"]

1. Nf3 Nf6 2. c4 c6 3. d4 d5 4. cxd5 cxd5 5. Nc3 Nc6 6. Bf4 e6 7. e3 Be7 8. Ne5 Nxe5 9. Bxe5 Bd7 10. Bd3 O-O 11. g4 Bc6 12. g5 Ne4 13. Rg1 f6 14. gxf6 Bxf6 15. Qg4 Qe7 16. f3 Nxc3 17. bxc3 Be8 18. Qh3 h5 19. Bxf6 Rxf6 20. Qg3 Rc8 21. Rc1 a6 22. f4 Rc7 23. Qg5 Kf8 24. Ke2 Bb5 25. Bxb5 axb5 26. Kf3 Rc8 27. Rb1 Rf7 28. Qg6 Kg8 29. Rg5 Rxc3 30. Rbg1 Rxf4+ 31. Kxf4 Qf8+ 32. Rf5 exf5 33. Qe6+ Qf7 34. Qxf7+ Kxf7 35. Rb1 Kf6 36. h4 Rc6 37. Rxb5 Re6 38. Rxd5 Re4+ 39. Kf3 Rxh4 40. Rd6+ Kg5 41. Rd7 g6 42. Rxb7 Rh3+ 43. Kf2 Rh2+ 44. Kf3 Rxa2 45. Rb1 h4 46. Rg1+ Kf6 47. e4 Ra3+ 48. Kf4 fxe4 49. Kxe4 g5 50. Rf1+ Kg6 51. d5 Ra8 52. d6 Re8+ 53. Kd5 g4 54. d7 Rd8 55. Rf4 Rxd7+ 56. Ke6 Ra7 57. Rxg4+ Kh5 58. Rg8 Ra5 59. Kf6 h3 60. Rh8+ Kg4 61. Rg8+ Kf3 62. Rb8 Ra3 0-1

[Event "Guernsey Open 14th"]
[Site "Guernsey"]
[Date "1988.10.22"]
[Round "7"]
[White "Werbeck, Torsten"]
[Black "De Rooi, Paul"]
[Result "1/2-1/2"]
[WhiteElo "2200"]
[BlackElo "2100"]
[PlyCount "21"]
[EventDate "1988.10.16"]
[EventType "swiss"]
[EventRounds "7"]
[EventCountry "GCI"]
[SourceTitle "BritBase"]
[Source "John Saunders"]
[SourceDate "2025.07.03"]
[SourceVersion "1"]
[SourceVersionDate "2025.07.03"]
[SourceQuality "1"]

1. d4 d6 2. Nf3 Nf6 3. c4 Bg4 4. Nc3 Nbd7 5. e4 e5 6. Be3 c6 7. Be2 Be7 8. O-O O-O 9. Qc2 Ne8 10. Rad1 f5 11. dxe5 1/2-1/2

[Event "Guernsey Open 14th"]
[Site "Guernsey"]
[Date "1988.10.22"]
[Round "7"]
[White "Whipp, Edwin J"]
[Black "Hebden, Mark L"]
[Result "0-1"]
[WhiteElo "2176"]
[BlackElo "2475"]
[PlyCount "62"]
[EventDate "1988.10.16"]
[EventType "swiss"]
[EventRounds "7"]
[EventCountry "GCI"]
[SourceTitle "BritBase"]
[Source "John Saunders"]
[SourceDate "2025.07.03"]
[SourceVersion "1"]
[SourceVersionDate "2025.07.03"]
[SourceQuality "1"]

1. d4 Nf6 2. c4 c5 3. d5 b5 4. cxb5 a6 5. bxa6 g6 6. g3 Bg7 7. Bg2 d6 8. Nf3 O-O 9. O-O Nbd7 10. Nc3 Bxa6 11. Bf4 Qa5 12. h3 Rfb8 13. Qc2 Nb6 14. Nd2 Bc4 15. Nxc4 Nxc4 16. Bc1 Nd7 17. Be4 Nxb2 18. Bxb2 Rxb2 19. Qxb2 Bxc3 20. Qb7 Bxa1 21. Qxd7 Bf6 22. Bd3 Qxa2 23. Qb5 Qxd5 24. Bc4 Qf5 25. Qb3 Rf8 26. g4 Qe4 27. Rd1 Be5 28. e3 Qf3 29. Bf1 Kg7 30. Bg2 Qe2 31. f4 c4 0-1